Capitales des dépendances et territoires autonomes - Statistiques

Statistiques générales
  • Ce quiz a été pris 319 fois
  • Le résultat moyen est 16 sur 67
Statistiques - réponses
DETA Capitales % Correct
Groenland Nuuk
73%
Palestine Jerusalem-Est / Ramallah
57%
Tibet Lhassa
50%
Niue Alofi
45%
Curaçao et Bonaire Willemstad / Kralendijk
45%
Transnistrie Tiraspol
43%
Madère Funchal
42%
Jersey Saint Helier
42%
Iles Cook Avarua
39%
Aruba et Saint Eustache Oranjestad
38%
Anguilla The Valley
38%
Ile de Man Douglas
35%
Pitcairn Adamstown
34%
Iles Féroe Torshavn
32%
Saint Martin (France) Marigot
31%
Wallis et Futuna Mata Utu
31%
Iles Vierges Britanniques Road Town
31%
Iles Vierges Américaines Charlotte Amélie
30%
Sahara Occidental Laayoune
30%
Montserrat Plymouth / Brades
30%
Malouines (Falkland) Port Stanley
30%
Guernesey Saint Pierre Port
30%
Iles Caimans George Town
28%
Guam Hagatna
28%
Mariannes du Nord Saipan
28%
Somaliland Hargeisa
27%
Norfolk Island Kingston
27%
Aland Mariehamn
27%
Abkhazie Soukhoumi
27%
Turques et Caiques Cockburn Town
26%
Saint Barthélémy Gustavia
26%
Les Canaries Santa Cruz de Tenerife / Las Palmas de Gran Canarias
24%
Haut Karabagh Stepanakert
23%
Iles Christmas Flying Fish Cove
22%
Ste Helène, Ascencion et Tristan Da Cunha Jamestown
22%
Svalbard Longyearbyen
22%
Iles Cocos (Keeling) West Island
22%
Turkestan Urumqi
20%
Kurdistan Irakien Erbil
19%
Ile de Paques Hanga Roa
19%
Saint Martin (Pays-bas) Philipsburg
19%
Saba The Bottom
19%
Adjarie Batoumi
18%
Georgie et Sandwich du Sud King Edward Point
18%
Nakhitchevan Nakhitchevan
16%
Ossétie du Sud Tskhinvali
15%
Mongolie Interieure Hohhot
14%
Bougainville Buka
12%
Karakalpakistan Nukus
12%
Jan Mayen Olonkinbyen
12%
Ningxia Yinchuan
11%
Akrotiri et Dhekelia Cantonnement d'Episkopi
9%
Gagaouzie Comrat
9%
Puntland Garowe
9%
Gilgit Baltistan Gilgit
9%
Azad Cachemire Muzaffarabad
9%
Balouchistan pakistanais Quetta
9%
Tokelau Atafu / Nukunonu / Fakaofo
8%
Rodrigues Port Mathurin
8%
Balouchistan iranien Zahedan
8%
Nieves Charlestown
7%
Bangsamoro Cotabato
7%
Georgie du Sud Grytviken
7%
Mont Athos Karyes
7%
Iles Shetland Lerwick
7%
Iles de la mer de Corail Iles Willis
5%
Iles Vierges Espagnoles Isabel Segunda
4%
Aucun quiz correspondant
Distribution des résultats
% des personnes avec chaque résultat
Percentile par nombre de réponses
Votre historique - résultats
Vous n’avez pas pris ce quiz